000
00321nam a22001337a 4500
020
_a
81-274-0159-5
082
_a
823
_b
JOS/T
245
_a
TROJAN WAR & OTHER GREEK STORIES
_b
GREEK STORIES
260
_a
KOTTAYAM
_b
AVANTY PUBLICATIONS
_c
2009
300
_a
80
520
_a
SHORT STORY
650
_a
SHORT STORY
942
_c
BK
999
_c
3805
_d
3805